Deflácia - výzva pre menové autority

Deflácia - znižovanie finančných a nefinančných aktív a znižovanie množstva peňazí v obehu. Prvé prejavy deflácie vo Veľkej Británii. Prejavy deflácie v Japonsku a v USA. Zdroje deflácie - Čína a India s bezkonkurenčnými cenami a najlacnejšou pracovnou silou. Nepripravenosť slovenských menových auto...

Descrizione completa

Salvato in:
Dettagli Bibliografici
Autore principale: Hoschek, M.
Natura: Capitolo di libro
Lingua:slovacco
Soggetti:
Tags: Aggiungi Tag
Nessun Tag, puoi essere il primo ad aggiungerne!!

MARC

LEADER 00000naa$a2200000$$$4500
001 0027175
005 20231004125933.0
041 0 |a slo 
044 |a SK 
245 1 0 |a Deflácia - výzva pre menové autority  |c M. Hoschek 
520 |a Deflácia - znižovanie finančných a nefinančných aktív a znižovanie množstva peňazí v obehu. Prvé prejavy deflácie vo Veľkej Británii. Prejavy deflácie v Japonsku a v USA. Zdroje deflácie - Čína a India s bezkonkurenčnými cenami a najlacnejšou pracovnou silou. Nepripravenosť slovenských menových autorít na defláciu. 
610 2 0 |a deflácia 
610 2 0 |a inflácia 
610 2 0 |a financie 
610 2 0 |a bankovníctvo 
610 2 0 |a aktíva 
610 2 0 |a sadzby úrokové 
610 2 0 |a peniaze 
100 1 |a Hoschek, M.